000 00549nam a2200193Ia 4500
005 20230921104748.0
008 131103s9999 xx 000 0 und d
020 _a8170232864
_cRs.65
040 _aLoreto College
041 _aEnglish
082 _aF
_bDES
245 _aAwasthe
_b (The Condition)
_ctranslated by Shatinath Desai;edited by Anna Sujatha Mathai
260 _aNew Delhi
_bAllied Publishers Limited
_c1990
300 _a190 p.
650 _aFiction in English
700 _aDesai,Shantinath;tr.
850 _aLCLIB
942 _cBK
999 _c16663
_d67142